| 000 | 00664nam a22001817a 4500 | ||
|---|---|---|---|
| 999 |
_c61943 _d61943 |
||
| 003 | Ge_BSU | ||
| 005 | 20240613120948.0 | ||
| 008 | 240613s1941 ge ||||| |||| 00| 0 geo d | ||
| 041 | _ageo | ||
| 080 | _a613(076.5) ნ-19 | ||
| 100 |
_aნათაძე, გ.მ. _922416 |
||
| 245 |
_aჰიგიენის პრაქტიკული სახელმძღვანელო / _cგ.მ. ნათაძე. |
||
| 264 |
_aთბ. : _bსაქმედგამი, _c1941. |
||
| 300 |
_a136 გვ. : _bილ. და ტაბ. ; _c22სმ. |
||
| 653 | _aჰიგიენა | ||
| 653 | _aმედიცინა | ||
| 942 |
_2udc _cᲬᲘᲒᲜᲘ |
||